000 00428nam a2200181Ia 4500
001 5153
005 20260306145847.0
008 260306t2000||||xx |||||||||||||| ||spa||
041 _aESP
082 _a336
_bS81
100 _aStiglitz, Joseph E.
_eAUT
245 0 _aLa economía del sector público
260 _c2000
300 _axv, 738 páginas :
_c24 cm.
650 _aGEN
654 _aCAN
942 _cLIB
_dJUS
_fJUS
_2ddc
_n
999 _c5153
_d5153